| 000 | 00786nam2a22002171 4500 | ||
|---|---|---|---|
| 001 | v19\rc\2063468 | ||
| 005 | 20250620025135.0 | ||
| 035 | _a(NLR Aleph) 005139818 | ||
| 090 |
_a4791783 _c4791783 |
||
| 100 | _a20081111d1910 |||y0rusy50 ca | ||
| 101 | 0 | _arus | |
| 102 | _aRU | ||
| 105 | _ay z ||||| | ||
| 200 | 1 | _aКраткий годовой отчет... 1909 года | |
| 210 |
_d1910 _aБ. м. |
||
| 461 | 0 |
_1001v19\rc\2063467 _12001#$a[Труды]$e... Вып. 4$vВып. 4 _94791775 _aКиевский округ путей сообщения. Днестровское отделение _cОдесса _d1910-1911 _o... Вып. 4 _t[Труды] _vВып. 4 |
|
| 801 | 0 |
_aRU _bNLR _gpsbo |
|
| 801 | 1 |
_aRU _bProSoft-M _2rusmarc |
|
| 852 |
_aNLR _j19.49.4.112(1) |
||
| 942 | _cBOOK | ||
| 980 | _aNB | ||